BASICS OF MEDICAL PHYSIOLOGY (Record no. 30732)

MARC details
000 -LEADER
fixed length control field 00351nam a22001577a 4500
003 - CONTROL NUMBER IDENTIFIER
control field SGT
020 ## - INTERNATIONAL STANDARD BOOK NUMBER
International Standard Book Number 9789395736558
082 ## - DEWEY DECIMAL CLASSIFICATION NUMBER
Classification number 612
Item number B23V
100 ## - MAIN ENTRY--PERSONAL NAME
Personal name VENKATESH, D.
245 ## - TITLE STATEMENT
Title BASICS OF MEDICAL PHYSIOLOGY
250 ## - EDITION STATEMENT
Edition statement 5TH
260 ## - PUBLICATION, DISTRIBUTION, ETC. (IMPRINT)
Place of publication, distribution, etc INDIA
Name of publisher, distributor, etc WOLTERS KLUWERS PUB
Year of Publication 2023
300 ## - PAGE DESCRIPTION
No. of Pages 588
650 ## - SUBJECT ADDED ENTRY--TOPICAL TERM
Topical term or geographic name as entry element HUMAN PHYSIOLOGY
942 ## - ADDED ENTRY ELEMENTS (KOHA)
Source of classification or shelving scheme Dewey Decimal Classification
Koha item type Books
Holdings
Withdrawn status Lost status Source of classification or shelving scheme Damaged status Not for loan Collection code Home library Current library Shelving location Date acquired Vendor Name Cost, normal purchase price SGTU Bill Number Full call number Accession No. (Barcode) Date last seen Bill Date Koha item type Total Checkouts Date last borrowed
    Dewey Decimal Classification   Not For Loan MEDICAL SGT Medical Library SGT Medical Library Reference Book 11/02/2025 ABC DELHI 925.00 SGTU 20461 612 B23V FM14971 07/04/2025 11/02/2025 Books    
    Dewey Decimal Classification     MEDICAL SGT Medical Library SGT Medical Library Text Book 11/02/2025 ABC DELHI 925.00 SGTU 20461 612 B23V FM14972 11/06/2025 11/02/2025 Books 3 31/05/2025
    Dewey Decimal Classification     MEDICAL SGT Medical Library SGT Medical Library Text Book 11/02/2025 ABC DELHI 925.00 SGTU 20461 612 B23V FM14973 03/06/2026 11/02/2025 Books 2 01/06/2026
    Dewey Decimal Classification     MEDICAL SGT Medical Library SGT Medical Library Text Book 11/02/2025 ABC DELHI 925.00 SGTU 20461 612 B23V FM14974 03/06/2026 11/02/2025 Books 7 01/06/2026
    Dewey Decimal Classification     MEDICAL SGT Medical Library SGT Medical Library Text Book 11/02/2025 ABC DELHI 925.00 SGTU 20461 612 B23V FM14975 03/06/2026 11/02/2025 Books 7 01/06/2026